Εγκυκλοπαίδεια κόσμος 2002 : η μεγάλη σύγχρονη ελληνική ηλεκτρονική εγκυκλοπαίδεια
Το περιεχόμενο της εγκυκλοπαίδειας Κόσμος συμπεριλαμβάνονται χιλιάδες λήμματα, τα οποία συνοδεύονται από μεγάλη συλλογή πολυμεσικού υλικού, όπως βίντεο, κινούμενα σχέδια, γραφικά, χάρτες, ήχοι κ.ά. Η εφαρμογή αξιοποιεί τις σύγχρονες τεχνολογίες και διαθέτει δυναμικό μηχανισμό αναζήτησης λημμάτων και...
Αποθηκεύτηκε σε:
| Συγγραφή απο Οργανισμό/Αρχή: | |
|---|---|
| Μορφή: | Ηλεκτρονική πηγή |
| Γλώσσα: | Greek |
| Δημοσίευση: |
Αθήνα :
Δαμιανάκης,
2002
|
| Θέματα: | |
| Ετικέτες: |
Προσθήκη ετικέτας
Δεν υπάρχουν, Καταχωρήστε ετικέτα πρώτοι!
|
MARC
| LEADER | 00000nmm a2200000 i 4500 | ||
|---|---|---|---|
| 001 | 1/85785 | ||
| 008 | 070222s2002 gr gre d | ||
| 020 | |a 960-7772-35-0 | ||
| 035 | |l 10080364 | ||
| 040 | |a GR-MY-UA |b gre |e aacr | ||
| 041 | 0 | |a gre | |
| 082 | 0 | |a 039.89 |2 (22η εκδ.) | |
| 245 | 1 | 0 | |a Εγκυκλοπαίδεια κόσμος |h [αρχείο Η/Υ] : |b 2002 : η μεγάλη σύγχρονη ελληνική ηλεκτρονική εγκυκλοπαίδεια / |c παραγωγή της Conceptum |
| 246 | 3 | 3 | |a Εγκυκλοπαίδεια 2002 [αρχείο Η/Υ] |
| 260 | |a Αθήνα : |b Δαμιανάκης, |c 2002 | ||
| 300 | |a 2 οπτικές δισκέτες Η/Υ; |b έγχρ.; |c 4 3/4 ιν. | ||
| 500 | |a Για την οικογένεια και το σχολείο | ||
| 500 | |a Περιέχει στερεοσκοπικά γυαλιά | ||
| 500 | |a Το δεύτερο cdrom είναι για set up | ||
| 520 | |a Το περιεχόμενο της εγκυκλοπαίδειας Κόσμος συμπεριλαμβάνονται χιλιάδες λήμματα, τα οποία συνοδεύονται από μεγάλη συλλογή πολυμεσικού υλικού, όπως βίντεο, κινούμενα σχέδια, γραφικά, χάρτες, ήχοι κ.ά. Η εφαρμογή αξιοποιεί τις σύγχρονες τεχνολογίες και διαθέτει δυναμικό μηχανισμό αναζήτησης λημμάτων και πολυμεσικού υλικού, ενώ υπάρχει σύνθετη διασύνδεση περιεχομένων με υπερσυνδέσμους. Ένα μεγάλο πλεονέκτημα αποτελεί η δυνατότητα ανανέωσης του περιεχομένου μέσω Internet, γεγονός που καθιστά διαρκώς ενημερωμένη και επίκαιρη. Τέλος, η εγκυκλοπαίδεια περιλαμβάνει διάφορες επιμέρους αυτόνομες ενότητες, όπως Διαδραστικό Εργαστήρι Γεωμετρίας, ορθογραφικό λεξικό, παγκόσμιο άτλαντα, άτλαντα του ανθρώπινου σώματος, ενότητα "Σαν σήμερα", που αποτελεί την ημερολογιακή καταγραφή χιλιάδων γεγονότων από την ιστορία της ανθρωπότητας και "Χρονολόγιο" με τα σημαντικότερα ιστορικά γεγονότα και πολλά άλλα, ώστε να καλύπτει σφαιρικά τια ανάγκες του μαθητή, φοιτητή αλλά και όλης της οικογένειας. | ||
| 538 | |a Ελάχιστα χαρακτηριστικά: Pentium 200MHz; 32MB RAM; Windows 98; ME; 2000 XP; κάρτα ήχου; CD-ROM 8x; SVGA με χιλιάδες χρώματα; ανάλυση οθόνης 800x600 | ||
| 650 | 0 | 0 | |a Encyclopedias and dictionaries, Greek. |
| 710 | 2 | |a Conceptum (Firm) | |
| 852 | |a INST |b LESVOS |c AV |e 20070222 |h 039.89 ΕΓΚ |p 005100036919 |q 005100036919 |t CDROM |y 23 |z cd.1 | ||
| 852 | |a INST |b LESVOS |c AV |e 20070222 |h 039.89 ΕΓΚ |p 005100036920 |q 005100036920 |t CDROM |y 23 |z cd.2 | ||
| 852 | |a INST |b LESVOS |c AV |e 20070222 |h 039.89 ΕΓΚ |p 005100036919 |q 005100036919 |t CDROM |v cd.1: |y 23 |z cd.1 | ||
| 852 | |a INST |b LESVOS |c AV |e 20070222 |h 039.89 ΕΓΚ |p 005100036920 |q 005100036920 |t CDROM |v cd.2: |y 23 |z cd.2 | ||
| 853 | |a INST |b LESVOS |c AV |h 039.89 ΕΓΚ | ||
| 901 | |a BIBL1-2007-1 | ||
| 909 | |a Λ |b 132214 | ||
| 909 | |a Λ |b 132215 | ||
| 920 | |a ΔΙΕΥΡΥΝΣΗ |b ΕΠΕΑΕΚ-ΤΠΤΕ |y ΛΕΣΒΟΣ |z 2005-08 | ||
| 970 | |a ΚΑΡΑ |b ΓΙΑΣΕΜΗ |z 2007/02/22 | ||